Music Quiz

Random Music or Kpop Quiz
Score 0/60 Timer 10:00
0 Plays Today
Question Answer Wrong Answers
This was my first quiz.. should i make more? Yes
80.1%
No
18.4%
Girlgroup F(X)
75%
Bolbbalgan4
24.3%
Girlgroup members Luna (F(X))
74.3%
Daisy (Momoland)
25%
Boygroup members Yuta (NCT)
61%
The8 (Seventeen)
38.2%
Girlgroup Gfriend
59.6%
Oh My Girl
39%
Best underrated song by the artist: VIXX Voodoo doll
58.1%
On & On
15.4%
Hyde
12.5%
Love equation
13.2%
Girlgroup SNSD
57.4%
BLACKPINK
41.9%
Did you liked this quiz? Yes a lot!
57.4%
No not really!
5.1%
A little...
5.1%
It was okay
30.1%
Boygroup members Hyungwon (Monsta x)
55.1%
G-Dragon (Bigbang)
44.1%
Boygroup SEVENTEEN
55.1%
BTS
44.9%
WAYV Take off
54.4%
Regular
30.1%
Let me love u
8.8%
come back
4.4%
Boygroup NCT127
53.7%
EXO
46.3%
Boygroup members Key (SHINee)
53.7%
Suho (EXO)
45.6%
Favorite non title (I shuffled my playlist) Victory song - Stray Kids
52.9%
Skateboard - Pentagon
5.1%
THINK HOLE - B.A.P
12.5%
NCT 127 - Wake up
28.7%
Solo artist (boy) Taemin
52.9%
Henry
11%
G-Dragon
22.8%
Jay Park
12.5%
Girlgroup members Jihyo (TWICE)
51.5%
Solar (Mamamoo)
47.8%
Girlgroup members Handong (Dreamcatcher)
50%
Vivi (LOONA)
47.8%
Boygroup SHINee
48.5%
GOT7
51.5%
Girlgroup members Yeri (Red Velvet)
47.8%
Jisoo (Blackpink)
50.7%
Boygroup members Mingi (Ateez)
47.1%
Rocky (Astro)
52.2%
Girlgroup TWICE
46.3%
RED VELVET
53.7%
Boygroup VIXX
45.6%
Pentagon
54.4%
Favorite non title (I shuffled my playlist) ATEEZ - Promise
44.9%
LOONA - Where you at
11%
SEVENTEEN - Beautiful
19.9%
BTS - Airplane pt.2
23.5%
GOT7 Just Right
44.1%
Eclipse
28.7%
Girls Girls Girls
11.8%
A
14%
Favorite non title (I shuffled my playlist) NCT 127 - Paradise
41.2%
DAY6 - Headache
22.1%
EXO - Run this
19.9%
TWICE - Turn it up
15.4%
Solo artist (girl) Taeyeon
40.4%
Suzy
8.8%
Ailee
31.6%
Jessi
18.4%
TWICE Likey
40.4%
Like ooh ahh
26.5%
Cheer up
14.7%
Signal
17.6%
Solo artist (boy) Key
40.4%
Mino
24.3%
Bang Yongguk
22.1%
Holland
12.5%
Best underrated song by the artist: Astro All night
40.4%
Hide and Seek
22.1%
Breathless
8.8%
Always You
27.9%
Day6 Congratulations
38.2%
You were beautiful
21.3%
I wait
26.5%
I smile
13.2%
4MINUTE Hate
36.8%
Crazy
44.1%
volume up
14%
watcha doin' today
2.9%
Best underrated song by the artist: N. Flying Hot potato
34.6%
The Real
12.5%
Rooftop
44.1%
Awesome
7.4%
Best underrated song by the artist: Cross Gene Black or White
33.8%
Fly
14.7%
Touch it
17.6%
Play with me
31.6%
Boygroup members Taeyang (SF9)
33.1%
Taehyung (BTS)
66.2%
LOONA SOLO Egoist
33.1%
New
18.4%
Eclipse
33.1%
One&Only
11.8%
NCT U Without you
32.4%
The 7th Sense
33.1%
Yestoday
11.8%
Baby don't stop
22.1%
SEVENTEEN Getting closer
30.9%
Very nice
25.7%
Clap
33.1%
Happy ending
8.8%
Favorite non title (I shuffled my playlist) Fly away with me - NCT127
29.4%
Now or never - Monsta x
33.1%
Sweet talker - TWICE
16.2%
Hug - Seventeen
20.6%
Girlgroup Dreamcatcher
28.7%
Mamamoo
69.9%
BTS War of Hormone
26.5%
No more dream
12.5%
Danger
22.1%
Boy in luv
38.2%
Boygroup ONEUS
25.7%
ATEEZ
74.3%
SEVENTEEN Adore u
25.7%
Pretty u
27.9%
boomboom
19.1%
mansae
25%
F(X) Rum pum pum pum
25.7%
Electric shock
55.9%
Nu abo
9.6%
Danger
7.4%
BLACKPINK As if it's your last
25%
Stay
21.3%
Boombayah
17.6%
Playing with fire
35.3%
Solo artist (boy) Eric Nam
24.3%
Jackson
19.9%
Yixing (Lay)
27.2%
Zico
27.9%
NCT127 Superhuman
22.8%
Cherry bomb
31.6%
Firetruck
11%
Regular
33.8%
Favorite non title (I shuffled my playlist) SEVENTEEN - Bring it
22.1%
Red Velvet - Zoo
26.5%
(G)I-DLE - Maze
20.6%
EXO - Heart attack
30.1%
SNSD Genie
22.1%
Oh!
11%
Into the new world
43.4%
Gee
22.1%
BIGBANG If you
21.3%
BAEBAE
16.9%
Last dance
16.9%
fxxk it
44.1%
LOONA favorite
19.9%
Hi high
27.9%
butterfly
50%
NCT DREAM Chewing gum
19.9%
My first and last
22.1%
We go up
36%
Go
21.3%
Solo artist (girl) Somi
18.4%
Lee hi
27.9%
Hyolyn
29.4%
Heize
22.8%
Solo artist (girl) Hyuna
16.2%
Chungha
38.2%
Sunmi
33.8%
BoA
11%
EXO Wolf
16.2%
MAMA
14.7%
History
11%
Overdose
57.4%
Girlgroup members Chaewon (izone)
15.4%
Yuqi ((G)I-dle)
82.4%
ATEEZ Treasure
15.4%
Hala Hala
27.9%
WAVE
15.4%
Say my name
39.7%
Red Velvet Hapiness
12.5%
Rookie
12.5%
Dumb Dumb
30.1%
Bad Boy
43.4%
SHINee Love like Oxygen
8.1%
Replay
72.1%
Juliette
7.4%
Hello
11.8%
Favorite non title (I shuffled my playlist) Bolbbalgan4 - Seattle alone
8.1%
BLACKPINK - Kick it
42.6%
Red Velvet - Fool
25%
TWICE - Dejavu
22.8%
Best underrated song by the artist: VAV Brotherhood
7.4%
Senorita
70.6%
Under the moonlight
10.3%
ABC
9.6%

You're not logged in!

Compare scores with friends on all Sporcle quizzes.
OR
Log In

Sporcle TV

Today on Sporcle TV


Watch our educational content, quiz creation guides, and fun videos on Sporcle TV.

Show Comments

Extras

Created Jun 29, 2019ReportNominate
Tags:Kpop Quiz, Song Quiz, drop, save

Top Quizzes Today


Score Distribution

Paid Content

Your Account Isn't Verified!

In order to create a playlist on Sporcle, you need to verify the email address you used during registration. Go to your Sporcle Settings to finish the process.

Report this User

Report this user for behavior that violates our Community Guidelines.

Details: